000 01190nam a2200325 c 4500
003 BLK
005 20250313161842.0
008 180411b bul|||||r ||||||| ||bul||
010 _aKNG00174057000
040 _aBLK
041 _aBUL
_cBUL
080 _aБългарска литература
_b821.163.2
_x-31
_z821.163.2-31
100 _aДичев, Стефан Николов
_d1920-1996
_gПисател
_9376841
700 1 _aДичева, Лиляна
_eил.
_9371476
139 _aДичев, Стефан Николов
_bД 64
245 1 0 _aПътят към София
_bРоман
_cСтефан Николов Дичев; ил. Лиляна Дичева.
250 _a7. изд.
257 _aBGR
260 София
_bБЗНС
_c1988
300 _a504 с.
_bс ил.
_c20 см
380 _aX
490 1 _aТематична поредица Книги от екрана
500 _a1. изд. 1962. - 81 250 тир.
852 _aЦб 153442
856 4 _qpdf
_u
856 4 _qpdf
_u
942 _cKNG
_n0
_01
944 _aCR
_c09.04.2015
_lГеновева Генчева
_k30560
944 _aED
_c09.04.2015
_l09.04.2015 - от С1,Р / 09.04.2015
_k
999 _c166349
_d166349